Penulisan berkesan : media cetak, elektronik dan web
| Main Author: | |
|---|---|
| Format: | Book |
| Published: |
KL :
Media Global Matrix Sendirian Berhad ,
2008
|
| Subjects: |
MARC
| LEADER | 00000cam a2200000 7i4500 | ||
|---|---|---|---|
| 001 | 0000060411 | ||
| 005 | 20160302.0 | ||
| 008 | 160302 | ||
| 020 | |a 9789834291990 | ||
| 090 | 0 | 0 | |a 808.02 |b CHA |
| 100 | 0 | |a Chamil Wariya | |
| 245 | 1 | 0 | |a Penulisan berkesan : |b media cetak, elektronik dan web |c Chamil Wariya |
| 260 | |a KL : |b Media Global Matrix Sendirian Berhad , |c 2008 | ||
| 300 | |a 182 p. : |b ill.,col. ; |c 22.6 cm. | ||
| 650 | 0 | |a Autorship | |
| 650 | 0 | |a Creative writing | |
| 999 | |a 0001389644 |b Book |c Adult Collection |e Perbadanan Perpustakaan Awam Johor | ||